Statistics for Australia Wallabies Rugby - Most Yellow Cards

Click here to take the quiz!

General Stats

  • This quiz has been taken 41 times
    (9 since last reset)
  • The average score is 3 of 7

Answer Stats

Number of Yellow CardsPositionPlayer% Correct
8FlankerMichael Hooper
88%
61st FiveQuade Cooper
63%
3FlankerGeorge Smith
50%
3LockRob Simmons
25%
3Outside BackIsrael Folau
13%
3PropScott Sio
13%
3LockJustin Harrison
0%

Score Distribution

Percentile by Number Answered

Percent of People with Each Score

Your Score History

You have not taken this quiz since the last reset